书目信息 |
| 书名: | Harrap's new shorter French and English dictionary | |
| 作者: | by J. E. Mansion. Revised by M. Ferlin and P. Forbes ; edited by D. M. Led鈋sert and R. P. L. Led鈋sert. | |
| 分册号: | ||
| 分册名: | english-french. | 出版地: | London : |
|
| 出版社: | Harrap | |
| 出版时间: | c1967. | |
| 页数: | 2 v. ; | |
| 开本: | 28 cm. | |
| 丛书名: | ||
| 中图分类号: | ||
| 科图分类号: | ||
| 其他分类号: | H326 | |
| 主题词: | ||
| 电子资源: | ||
| 000 | 01044nam 2200265Ii 4500 | |
| 001 | E0760223182 | |
| 005 | 20070429111516.81 | |
| 008 | 7806081967 7enk d 00000 eng d | |
| 020 | @a0-245-59062-5 :@cCNY5.50. | |
| 040 | @aMIA@cMIA | |
| 041 | 0 | @afreeng |
| 090 | @aJ736.168/W14 | |
| 090 | @aH326 | |
| 093 | @aJ736.168 @2 4 | |
| 099 | @dH326@ex10:2 | |
| 245 | 00 | @aHarrap's new shorter French and English dictionary / @cby J. E. Mansion. Revised by M. Ferlin and P. Forbes ; edited by D. M. Led鈋sert and R. P. L. Led鈋sert.@npart two,@penglish-french. |
| 260 | @aLondon :@bHarrap,@cc1967. | |
| 300 | @a2 v. ;@c28 cm. | |
| 500 | @aIntroductory matter in English and French. | |
| 500 | @aAn abridged edition of Harrap's standard French and English dictionary, first published in 1934-39. | |
| 505 | 0 | @aPt. 1. French-English. |
| 650 | 0 | @aFrench language@vDictionaries@xEnglish. |
| 650 | 0 | @aEnglish language@vDictionaries@xFrench. |
| 700 | 1 | @aMansion, J. E.@q(Jean Edmond),@d1870-1942. |
| 920 | @a232010@z2 | |
| Harrap's new shorter French and English dictionary / / by J. E. Mansion. Revised by M. Ferlin and P. Forbes ; edited by D. M. Led鈋sert and R. P. L. Led鈋sert.. part two,. english-french.-London : : Harrap, , c1967. |
| 2 v. ; ; 28 cm. |
| Introductory matter in English and French.-An abridged edition of Harrap's standard French and English dictionary, first published in 1934-39.-Pt. 1. French-English. |
| ISBN 0-245-59062-5 :CNY5.50. |
| ● |
| 相关链接 |
|
|
|
|
正题名:Harrap's new shorter French and English dictionary
索取号:H326/x10:2
 
预约/预借
| 序号 | 登录号 | 条形码 | 馆藏地/架位号 | 状态 | 备注 |
| 1 | 3227 | 000633844 | 第四借阅区/ [索取号:H326/x10:2] | 在馆 | |
| 2 | 3228 | 000439350 | 第四借阅区/ [索取号:H326/x10:2] | 在馆 | |
| 3 | 3229 | 000439341 | 第四借阅区/ [索取号:H326/x10:2] | 在馆 | |
| 4 | 49099 | 000633817 | 第二样本阅览室/ [索取号:H326/x10:2] | 在馆 |